Регионална библиотека "Любен Каравелов" - Русе

Discours de M. Gueorgui Dimitrov sur la Reponse au Discours du Throne (Запис номер 402904)

MARC детайли
000 -Лидер
Контролно поле с фиксирана дължина nam a22 a 4500
003 - Код на организацията, давaща контролен номер
Контролно поле BLK
005 - Дата и час на последна редакция
Контролно поле 20210325194020.0
008 - Елементи от данни с фиксирана дължина
fixed length control field 200203b bu ||||| |||| 00| 0 bu d
040 ## - Източник на каталожния запис
Идентификатор на билиотеката - собственик на записа BLK
041 ## - Код за език
Код за езика на текст/звукозапис или на отделно заглавие Френски
Код за езика КДБФ Френски
080 ## - УДК
Текстов определител УДК Речи. Беседи. Проповеди
УДК - код + определител 82-5
УДК код - определител по УДК 82-5
139 ## - Редно поле
Редна дума Discours de M. Gueorgui Dimitrov sur la Reponse au Discours du Throne
245 ## - Сведения за заглавието
Заглавие Discours de M. Gueorgui Dimitrov sur la Reponse au Discours du Throne
Подзаглавни данни (Fait le 26 Decembre 1945)
257 ## - Страна на издаване
Страна на създаване/издаване България
260 ## - Област на издателските данни
9 (RLIN) 219470
Място на издаване, разпространение и проч. Sofia
Име на издателя, разпространителя и проч. Min. de l'information et des arts
Година на издаване 1946
300 ## - Физическа характеристика
Страници 32 с.
Размери/Мащаб 16 см
380 ## - Жанр
Жанр Литературознание
650 #7 - Допълнително описание по предмет – тема
9 (RLIN) 148360
Основно описание – тема или топоним Беседи
653 #7 - Ключова дума – ненормативна
9 (RLIN) 195537
Ключова дума речи
852 ## - Местоположение
Форматна сигнатура Цб 3.170.33681
Фондова буква Хранилище
999 ## - СИСТЕМНИ КОНТРОЛНИ НОМЕРА
Koha biblionumber 402904
Koha biblioitemnumber 402904
942 ## - АРТИКУЛИ
Вид на библиотечния материал Книги
Скрит в OPAC Не
Периодичен библиозапис Да
944 ## - СЪЗДАВАНЕ И РЕДАКЦИЯ на ЗАПИСА
Създаване/Редакция Създаване
Дата на регистрацията/редакция 2021-03-25
Служител, извършил регистрацията/редакцията СТ
Статус, дата на статуса 2021-03-25
999 ## - СИСТЕМНИ КОНТРОЛНИ НОМЕРА
Koha biblioitemnumber 402903
999 ## - СИСТЕМНИ КОНТРОЛНИ НОМЕРА
Koha biblioitemnumber 402902
999 ## - СИСТЕМНИ КОНТРОЛНИ НОМЕРА
Koha biblioitemnumber 348395
Наличности
Код за отписване Код за изгубен артикул Източник на класификационната схема Код за повреда Код за отдаване Артикулен № Име на библиотеката - собственик Име на библиотеката, в която се намира в момента Статус (Текущо местоположение) Дата на вписване в системата Местоположение - отдел Цена в лева Инвентарен номер Систематично азбучна сигнатура Баркод Цена в евро Служебен тип на артикула
  Не е изгубен Universal Decimal Classification Не е повреден ползва се в читалня 818563 Регионална библиотека "Любен Каравелов" Русе Регионална библиотека "Любен Каравелов" Русе Хранилище 2021-03-31 Основен фонд - ползва се само за читалня 0.06 33681 Цб 3.170.33681 900000041428 0.03 Книги
Vip Innovations Ltd, Rousse, Bulgaria 2025